Reviews in modern astronomy (Record no. 17132)

MARC details
000 -LEADER
fixed length control field 00594nam a2200181Ia 4500
003 - CONTROL NUMBER IDENTIFIER
control field IN-BaIIA
008 - FIXED-LENGTH DATA ELEMENTS--GENERAL INFORMATION
fixed length control field 211028s9999 xx 000 0 eng d
020 ## - INTERNATIONAL STANDARD BOOK NUMBER
International Standard Book Number 978-3-527-40662-3
040 ## - CATALOGING SOURCE
Transcribing agency IIA Library
080 ## - UNIVERSAL DECIMAL CLASSIFICATION NUMBER
Universal Decimal Classification number 52(048.1)
Item number REV-19
245 #0 - TITLE STATEMENT
Title Reviews in modern astronomy
Remainder of title 20, from cosmological structures to the milky way
Statement of responsibility, etc. edited by Siegfried Roser
260 ## - PUBLICATION, DISTRIBUTION, ETC.
Place of publication, distribution, etc. Weinheim
Name of publisher, distributor, etc. Wiley-VCH Verlag Gmbh
Date of publication, distribution, etc. 2006
300 ## - PHYSICAL DESCRIPTION
Extent 343p.
650 ## - SUBJECT ADDED ENTRY--TOPICAL TERM
Topical term or geographic name entry element Hubble constant
9 (RLIN) 32266
650 ## - SUBJECT ADDED ENTRY--TOPICAL TERM
Topical term or geographic name entry element Stellar evolution
700 ## - ADDED ENTRY--PERSONAL NAME
Personal name Roser, Siegfried., ed.
9 (RLIN) 32267
942 ## - ADDED ENTRY ELEMENTS (KOHA)
Koha item type Books
Holdings
Withdrawn status Lost status Damaged status Not for loan Home library Current library Shelving location Date acquired Source of acquisition Cost, normal purchase price Total Checkouts Full call number Barcode Date last seen Cost, replacement price Price effective from Koha item type Purchase Price
        IIA Library-Bangalore IIA Library-Bangalore General Stacks 18/12/2008 INT 3083.33   52(048.1)/ REV-19 18054 05/11/2021 3083.33 18/12/2008 Books Rs. 3083.33

Powered by Koha